Taskmaster Trivia - Statistics

General Stats
  • This quiz has been taken 962 times
  • The average score is 8 of 16
Answer Stats
Question Answer % Correct
How many episodes were there in series 1 of Taskmaster? 6
98%
What is the name of the host of Taskmaster? Greg Davies
91%
Who was the winner of Taskmaster Champion of Champions? Josh Widdicombe
75%
Who was the winner of series 2? Katherine Ryan
73%
The 'Task Consultant' mentioned in the end credits is which Series One contestant? Tim Key
71%
Which instrument did Al Murray rent to surprise Alex? Gong
69%
Which lexicographer was consulted after Richard Osman placed three balls on a yoga mat? Susie Dent
62%
What is the name of the knight statue at the Taskmaster house? Ollie
55%
Who was the only contestant not to win an episode in series 1? Romesh Ranganathan
55%
Which bird did Greg Davies liken Mark Watson to? Heron
52%
In which district of London is the Taskmaster house located? Chiswick
31%
What was the name of Aisling Bea's film that starred a spoon as Spoony Neeson? Took
28%
According to Bob Mortimer, which county of Scotland produces the most urine? Dumfries and Galloway
23%
What does the FIP stand for? Farty Ice Pop
22%
What is the name of the piece played by The Horne Section in the live task of 'Hollowing out a Baguette'? Midnight
16%
What was the name of Mel Giedroyc's and Hugh Dennis' Scandinavian crime film? Tugtemester
10%
No matching quizzes found
Score Distribution
Percent of People with Each Score
Percentile by Number Answered
Your Score History
You have not taken this quiz